| 000 | 00537nam a2200193 a 4500 | ||
|---|---|---|---|
| 005 | 20220904195005.0 | ||
| 008 | 021008s1998 ag r 000 0 spa d | ||
| 020 | _a9501518477 | ||
| 035 | _aUPN01000120010 | ||
| 049 | _aCG | ||
| 050 | 4 |
_aPR9619.3 W4 _bE4.78 |
|
| 100 | 1 |
_aWest, Morris, _d1916-1999 |
|
| 245 | 1 | 0 |
_aEminencia / _cMorris West ; tr. Fernando Mateo. |
| 260 |
_aBuenos Aires : _bJavier Vergara, _c1998. |
||
| 300 | _a318 p. | ||
| 534 |
_pTraducción de: _tEminence |
||
| 650 | 0 |
_aNovela australiana _916104 |
|
| 905 | _aLibro | ||
| 999 |
_c92360 _d92360 |
||